[Event "San Jose 1000 GM Spring Break 3 Gp2"]
[Site "San Jose"]
[Date "2024.04.06"]
[Round "4.5"]
[White "Varela Velazquez, Carlos Francisco"]
[Black "Jin, Austin"]
[Result "1-0"]
[WhiteElo "2084"]
[BlackElo "1966"]
[PlyCount "83"]
[EventDate "2024.04.05"]
[EventType "schev"]
[EventRounds "5"]
[EventCountry "USA"]
[SourceTitle "CB16_2024"]
[SourceDate "2024.04.17"]
[SourceVersion "1"]
[SourceVersionDate "2024.04.17"]
[SourceQuality "1"]
[WhiteTeam "Masters"]
[BlackTeam "Challengers"]
[WhiteTeamCountry "USA"]
[BlackTeamCountry "USA"]

1. Nf3 d5 2. g3 Nf6 3. Bg2 e6 4. 0-0 Be7 5. c4 0-0 6. b3 c6 7. Bb2 b6 8. d4 Bb7 9. Nc3 Nbd7 10. Qd3 c5 11. cxd5 exd5 12. Rac1 Rc8 13. Rfd1 Re8 14. dxc5 bxc5 15. Na4 Bf8 16. e3 Nb6 17. Nxb6 axb6 18. Ng5 Ne4 19. Nh3 Qe7 20. Nf4 Red8 21. Qb1 Rc7 22. Rd3 Rcd7 23. Rcd1 b5 24. h4 c4 25. Rd4 Nf6 26. Qa1 h6 27. R4d2 Ne4 28. Rd4 Nf6 29. Qb1 b4 30. bxc4 dxc4 31. Bxb7 Rxd4 32. Bxd4 Qxb7 33. Bxf6 Rxd1+ 34. Qxd1 gxf6 35. Nd5 Bg7 36. Qd4 b3 37. axb3 cxb3 38. Qe4 Kh8 39. Qe8+ Kh7 40. Ne7 h5 41. Qg8+ Kh6 42. Qxf7 1-0